000 00709nam a2200241Ia 4500
003 GCL
008 140319s9999 xx 000 0 ara d
040 _aGCL /
_cGCL
082 0 4 _a523.1
_bه م
100 1 _aهوكنغ، ستيفن
245 1 0 _aموجز فى تاريخ الزمن من الانفجار العظيم الى الثقوب السوداء /
_cهوكنغ، ستيفن
700 1 _aمحمود يس
700 1 _aعبدالله حيدر
260 _a[S.N] :
_bاكاديميا ،
_c1990
300 _a222 ص
490 _a
650 0 4 _aتاريخ
650 0 4 _aنظريات
650 0 4 _aالفيزياء
650 0 4 _aالكون
650 0 4 _aالتوقيت
942 _2ddc
_cBK
999 _c33238
_d33238